000 00321nam a22001457a 4500
020 _a0-00-674848-1
082 _a823
_bAND/C
100 _aANDERSON SCOULAR
245 _aCLOGPOTS IN SPACE
260 _aBRITAIN
_bA& C PUBLISHERS
_c1994
300 _a64
520 _aENGLSH NOVEL
650 _aENGLISH NOVEL
942 _cBK
999 _c5730
_d5730